[Event "Brandenburg-ch Seniors 09th"]
[Site "Rowy"]
[Date "2001.06.25"]
[Round "7"]
[White "Grigoleit, Eckhard"]
[Black "Zelinski, Heinz"]
[Result "1-0"]
[WhiteElo "1684"]
[BlackElo "1229"]
[PlyCount "36"]
[EventDate "2001.06.??"]
[EventType "swiss"]
[EventRounds "7"]
[EventCountry "POL"]
[SourceTitle "EXT 2006"]
[Source "ChessBase"]
[SourceDate "2005.11.24"]
[SourceVersion "1"]
[SourceVersionDate "2005.11.24"]
[SourceQuality "1"]

1. e4 e5 2. Nf3 d6 3. d4 Nf6 4. Nc3 Bg4 5. Be2 Bxf3 6. Bxf3 Be7 7. 0-0 0-0 8. Qd3 Nc6 9. Be3 Nb4 10. Qd2 c6 11. a3 Na6 12. Be2 Nc7 13. f4 exf4 14. Rxf4 Ne6 15. Rf3 d5 16. e5 Ne4 17. Nxe4 dxe4 18. Rg3 g6 1-0

[Event "Brandenburg-ch Seniors 09th"]
[Site "Rowy"]
[Date "2001.06.20"]
[Round "3"]
[White "Zelinski, Heinz"]
[Black "Wolf, Alfred"]
[Result "0-1"]
[WhiteElo "1229"]
[BlackElo "1764"]
[PlyCount "74"]
[EventDate "2001.06.??"]
[EventType "swiss"]
[EventRounds "7"]
[EventCountry "POL"]
[SourceTitle "EXT 2006"]
[Source "ChessBase"]
[SourceDate "2005.11.24"]
[SourceVersion "1"]
[SourceVersionDate "2005.11.24"]
[SourceQuality "1"]

1. e4 d5 2. e5 Bf5 3. d4 e6 4. Bd3 Bxd3 5. Qxd3 a6 6. Qb3 b6 7. c3 Nd7 8. Qd1 c5 9. Nf3 Qc7 10. 0-0 Ne7 11. Nh4 Ng6 12. Nf3 Be7 13. Bg5 Bxg5 14. Nxg5 h6 15. Nf3 0-0 16. Na3 b5 17. Nc2 Rfc8 18. Qd2 Nb6 19. Rfc1 Nc4 20. Qe2 Nxb2 21. Na3 Nc4 22. Nxc4 bxc4 23. Qc2 Rcb8 24. Rcb1 Rb5 25. Qa4 Rxb1+ 26. Rxb1 Nf4 27. Qc2 Rb8 28. Rxb8+ Qxb8 29. g3 Nd3 30. Kf1 cxd4 31. Nxd4 Qxe5 32. Qe2 Qd6 33. Nc2 Nc1 34. Qd2 Nxa2 35. Nd4 Qa3 36. Nc2 Qxc3 37. Qxc3 Nxc3 0-1

[Event "Brandenburg Seniors op 09th"]
[Site "Uckley"]
[Date "2000.09.25"]
[Round "1"]
[White "Brandt, Fred"]
[Black "Zelinski, Heinz"]
[Result "1-0"]
[WhiteElo "1734"]
[BlackElo "1230"]
[PlyCount "89"]
[EventDate "2000.09.25"]
[EventType "swiss"]
[EventRounds "7"]
[EventCountry "GER"]
[SourceTitle "EXT 2006"]
[Source "ChessBase"]
[SourceDate "2005.11.24"]
[SourceVersion "1"]
[SourceVersionDate "2005.11.24"]
[SourceQuality "1"]

1. d4 d5 2. Nf3 Nc6 3. Bg5 Qd6 4. c3 e6 5. e3 Be7 6. Bf4 Qd8 7. Bd3 Nf6 8. Nbd2 Nh5 9. Ne5 Nxf4 10. exf4 Nxe5 11. fxe5 0-0 12. 0-0 f6 13. Nf3 Bd7 14. Re1 f5 15. Rc1 Be8 16. c4 c6 17. cxd5 cxd5 18. Re2 Bh5 19. Rec2 Bg5 20. Rb1 Rc8 21. Be2 Bg6 22. Rxc8 Qxc8 23. Nxg5 h6 24. Nf3 Qd7 25. Rc1 Rc8 26. Nd2 f4 27. Nb3 Rxc1 28. Qxc1 b6 29. Bg4 Bf5 30. Bxf5 exf5 31. Qxf4 g5 32. Qf3 Kg7 33. Qc3 f4 34. Nc1 Kg6 35. Qc2+ Kh5 36. Qe2+ g4 37. e6 Qe7 38. Qe5+ Kg6 39. Qxd5 Qc7 40. Qe4+ Kf6 41. Nd3 Qd6 42. Qxf4+ Kxe6 43. Qxg4+ Kd5 44. a3 Qc6 45. Nb4+ 1-0

[Event "Brandenburg-ch Seniors 08th"]
[Site "Uckley"]
[Date "2000.06.18"]
[Round "3"]
[White "Petersohn, Horst"]
[Black "Zelinski, Heinz"]
[Result "1-0"]
[WhiteElo "1688"]
[BlackElo "1201"]
[PlyCount "97"]
[EventDate "2000.06.16"]
[EventType "swiss"]
[EventRounds "7"]
[EventCountry "GER"]
[SourceTitle "EXT 2006"]
[Source "ChessBase"]
[SourceDate "2005.11.24"]
[SourceVersion "1"]
[SourceVersionDate "2005.11.24"]
[SourceQuality "1"]

1. d4 e6 2. c4 b6 3. Nc3 d5 4. Nf3 Be7 5. e3 Bb7 6. cxd5 Bxd5 7. Bd3 Bb7 8. 0-0 Nf6 9. b3 0-0 10. Bb2 Bd6 11. h3 Nd5 12. Nxd5 exd5 13. Rc1 Nd7 14. Qc2 g6 15. Rfe1 f5 16. Ne5 Rc8 17. a3 c5 18. Qe2 Re8 19. f4 Nf6 20. Rc2 cxd4 21. exd4 Rxc2 22. Bxc2 Qc8 23. Rc1 Qd8 24. b4 Nd7 25. Ba4 Nf6 26. Bxe8 Qxe8 27. Qc2 Ne4 28. Qb3 Qb5 29. Qe3 a5 30. Bc3 Qa4 31. Be1 axb4 32. Bxb4 Bxb4 33. axb4 Qa2 34. Qe1 Qb2 35. Nf3 Ba6 36. Rb1 Qe2 37. Qxe2 Bxe2 38. Ra1 Kg7 39. Ra7+ Kh6 40. Rd7 Bc4 41. g4 g5 42. fxg5+ Nxg5 43. Rd6+ Kg7 44. Nxg5 fxg4 45. hxg4 b5 46. Kf2 h6 47. Nf3 Kf7 48. Rxh6 Bd3 49. Ne5+ 1-0

[Event "Brandenburg-ch Seniors 07th"]
[Site "Uckley"]
[Date "1999.??.??"]
[Round "3"]
[White "Heinrich, Klaus1111"]
[Black "Zelinski, Heinz"]
[Result "1-0"]
[WhiteElo "1666"]
[BlackElo "1180"]
[PlyCount "51"]
[EventDate "1999.06.??"]
[EventType "swiss"]
[EventRounds "7"]
[EventCountry "GER"]
[SourceTitle "EXT 2006"]
[Source "ChessBase"]
[SourceDate "2005.11.24"]
[SourceVersion "1"]
[SourceVersionDate "2005.11.24"]
[SourceQuality "1"]

1. e4 e5 2. Nf3 d6 3. h3 Be7 4. Nc3 Nf6 5. d4 c6 6. dxe5 dxe5 7. Qxd8+ Bxd8 8. Bc4 Nbd7 9. Be3 0-0 10. a4 b6 11. 0-0-0 Bc7 12. Rd2 Rd8 13. Rhd1 a5 14. g4 Ba6 15. Ba2 Bb7 16. Ng5 Rf8 17. Rxd7 Nxd7 18. Rxd7 Rac8 19. Nxf7 h6 20. Nd6+ Kh7 21. Nxb7 c5 22. Be6 Kh8 23. Nd5 Bb8 24. Nxb6 Rc6 25. Bd5 Re8 26. Bf7 1-0

[Event "Brandenburg-ch Seniors 07th"]
[Site "Uckley"]
[Date "1999.??.??"]
[Round "6"]
[White "Zelinski, Heinz"]
[Black "Gensch, Manfred"]
[Result "0-1"]
[WhiteElo "1180"]
[BlackElo "1800"]
[PlyCount "41"]
[EventDate "1999.06.??"]
[EventType "swiss"]
[EventRounds "7"]
[EventCountry "GER"]
[SourceTitle "EXT 2006"]
[Source "ChessBase"]
[SourceDate "2005.11.24"]
[SourceVersion "1"]
[SourceVersionDate "2005.11.24"]
[SourceQuality "1"]

1. e4 c5 2. Nf3 Nc6 3. c3 Nf6 4. d3 d6 5. Be2 g6 6. Be3 Bg7 7. 0-0 0-0 8. Nfd2 Rb8 9. Qc1 b6 10. Nf3 Re8 11. Bh6 Bh8 12. Bd1 Ba6 13. Bc2 Ng4 14. h3 Nge5 15. Qd1 d5 16. Re1 dxe4 17. dxe4 Qxd1 18. Bxd1 Nd3 19. Re2 Rbd8 20. Na3 Rd6 21. Be3 0-1